000 00408nam a2200157 i 4500
001 61832
003 ES-MaACL
005 20230906164543.0
007 t|
008 031114s1932 fr ||||1| spa d
100 1 _aFaÿ, Bernard.
_949013
245 1 0 _aGeorges Washington
_b: gentilhombre /
_cBernard Faÿ.
260 _aParis :
_bGrasset,
_c1932.
300 _a316 p. ;
_c21 cm.
852 _aES-MaACL
_jA-492
999 _c61832
_d61832